| 000 | 00633nam a2200205 u 4500 | ||
|---|---|---|---|
| 005 | 20240309063637.0 | ||
| 008 | 181015s2007 r 000 0 eng d | ||
| 020 | _a9789689432227 | ||
| 035 | _aUPN01000227250 | ||
| 049 | _aI | ||
| 050 | 4 |
_aPZ78 _bC8.33 |
|
| 100 | 1 |
_aCuéllar, Olga, _d1953- _941092 |
|
| 245 | 1 | 0 |
_aFelices sueños : _bpesadillas de una bruja / _cOlga Cuéllar. |
| 260 |
_aMéxico : _bContenidos Estudiantiles Mexicanos, _c2007. |
||
| 300 |
_a[24] p. : _bprincipalmente il. col. |
||
| 440 | 0 |
_aComo tú. _pTe cuento |
|
| 650 | 7 |
_aLibros ilustrados para niños _2 _921365 |
|
| 905 | _aInfantil | ||
| 999 |
_c199346 _d199346 |
||